| 000 | 00348nam a2200133Ia 4500 | ||
|---|---|---|---|
| 008 | 240624s9999 xx 000 0 und d | ||
| 041 | _aeng | ||
| 082 | _a823 SUB | ||
| 100 | _aSUBRAMANIAN RAVI | ||
| 245 | _aGOD IS A GAMER IS REVENGE A CRIME | ||
| 260 |
_c2014 _aNew Delhi _bPenguin India |
||
| 300 | _axii, : 310 : p. : cm. ; 19 | ||
| 365 |
_cRS _b25 |
||
| 999 |
_c23839 _d23839 |
||